000 01525nam2a22002531 4500
001 RU\NLR\INFOCOMM44\1000037165
005 20250617121151.0
035 _a(NLR Aleph) 002592836
090 _a3377163
_c3377163
100 _a20040610d1956 |||y0rusy50 ca
101 0 _arus
102 _aRU
105 _ay |||||||||
200 1 _aУниверсальные приспособления для изготовления вкладышей подшипников
_fП.К. Дорофеев
210 _d1956
_aБ. м.
461 0 _1001RU\NLR\INFOCOMM44\1000036722
_12001#$aОбмен техническим опытом [заводов Министерства транспортного и тяжелого машиностроения и др.]$fМ-во трансп. машиностроения СССР. Гос. союзный проектно-технол. ин-т "Оргтрансмаш"$v1956, Вып.8
_93373367
_cМ.
_d1951-1958
_fМ-во трансп. машиностроения СССР. Гос. союзный проектно-технол. ин-т "Оргтрансмаш"
_nОтд. техн. информации
_tОбмен техническим опытом [заводов Министерства транспортного и тяжелого машиностроения и др.]
_v1956, Вып.8
700 1 _aДорофеев
_bП.К.
_4070
801 1 _aRU
_bInfoComm
_c20040610
801 0 _aRU
_bNLR
_gPSBO
852 _aNLR
_jП11/779
942 _cISSUE
980 _aNB
980 _aRUSPER